Fundamento para la generación de obras de travesía y su representación en la extensión americana

保存先:
書誌詳細
第一著者: Casanueva Carrasco, Manuel Luis (著者)
フォーマット: 図書
言語:スペイン語
出版事項: Valparaíso Universidad Católica de Valparaíso 1992
主題:
タグ: タグ追加
タグなし, このレコードへの初めてのタグを付けませんか!

MARC

LEADER 00000nam a2200000 a 4500
001 UCL5968
003 CL-VaPUC
008 040326e19920000CL |||||||||||||||||spa|d
082 0 4 |a 724.6  |b CAS  |2 21 
100 0 |a Casanueva Carrasco, Manuel Luis  |e author  |9 483677 
245 1 0 |a Fundamento para la generación de obras de travesía y su representación en la extensión americana 
300 |a pág. irreg 
942 |c BK 
945 |d 20040326 00:00:00  |a cmena 
260 |a Valparaíso  |b Universidad Católica de Valparaíso  |c 1992 
500 |a Taller 5§ año, 3§ trimestre 1992 
500 |a Alumnos: Jean de Goyeneche B., Arturo Góngora C., Oscar Laelmil A., Aldo López M., Claudio Nail L., Hernán Marambio M., María Inés Pizarro R., Pablo Ulloa V., Alvaro Vinagre M 
650 0 |a Arquitectura  |y Siglo 20  |9 266208 
650 7 |a CELOSIAS  |2 CL-VaPUC  |9 483678 
650 7 |a FUSELAJES  |2 CL-VaPUC  |9 483679 
650 7 |a TEORIA DE LA ARQUITECTURA  |2 CL-VaPUC  |9 483680 
650 0 |a Diseño arquitectónico   |9 265271 
583 |a last modification  |c 20040326 00:00:00  |k Rodrigo Vera 
999 |c 308282  |d 308280 
952 |0 0  |1 0  |4 0  |6 724_600000000000000_CAS_1992  |7 0  |8 R  |9 374643  |a BIBARQ  |b BIBARQ  |d 2019-11-21  |i 2664437  |l 1  |o 724.6 CAS 1992  |p 2664437  |r 2025-01-20  |s 2022-10-24  |w 2019-11-21  |y BK_R  |k ARQ